000 00328nam a22001337a 4500
008 170606b xxu||||| |||| 00| 0 eng d
020 _a9780195038385
041 _aeng
080 _a94(6)
100 _a18
101 _aSHH
245 _aAFRICAN SLAVERY IN LATIN AMERICA AND THE CARIBBEAN
_cKLEIN.H.S
942 _2udc
_cBK
999 _c16105
_d16105